000 00492nam a2200205Ia 4500
999 _c39052
_d39052
003 OSt
005 20210428104828.0
008 160316s1973 xxu||||| |||| 00| 0 eng d
020 _a9780850670721
040 _cn
082 _a338.092400
_bBEC
100 _aBecker Robert
245 _aJayant Madhvani
260 _aLondon
_bPrivately Printed
_c1973
300 _a79p
365 _b Gratis
650 _a1. Uganda - Industries
700 _aMadhvani Nitin Jayant
_a
942 _2ddc
_cBK